000
00310nam a22001337a 4500
008
180924b xxu||||| |||| 00| 0 eng d
020
_a
9780130186621
041
_a
eng
080
_2
4th
_a
070
100
_a
39
101
_a
MED
245
_a
Flash-Back a brief history of film
_c
Giannetti,L
942
_2
udc
_c
BK
999
_c
48331
_d
48331